[Event "Andujar op"]
[Site "Andujar"]
[Date "2025.06.28"]
[Round "3"]
[White "Valdats, Reinis"]
[Black "Licznerski, Lukasz"]
[Result "0-1"]
[WhiteElo "2304"]
[BlackElo "2435"]
[PlyCount "98"]
[EventDate "2025.06.27"]
[EventType "swiss"]
[EventRounds "9"]
[EventCountry "ESP"]
[SourceTitle "CB28_2025"]
[SourceDate "2025.07.09"]
[SourceVersion "1"]
[SourceVersionDate "2025.07.09"]
[SourceQuality "1"]

1. e4 e5 2. Nf3 Nc6 3. Bb5 a6 4. Ba4 Nf6 5. d3 d6 6. c4 Be7 7. 0-0 0-0 8. h3 Nd7 9. Be3 Bf6 10. Bxc6 bxc6 11. Nc3 Nc5 12. b4 Ne6 13. Rb1 g6 14. a4 Bg7 15. b5 axb5 16. axb5 cxb5 17. cxb5 Rb8 18. Nd5 Bd7 19. Qa4 Qe8 20. Nc3 f5 21. Qc4 Kh8 22. Kh2 Rb7 23. Qd5 Qb8 24. Ng5 Nd8 25. Qc4 h6 26. Nf3 Ne6 27. Nh4 Qe8 28. Qd5 Bc8 29. b6 f4 30. Bd2 Nd4 31. bxc7 Rxb1 32. Rxb1 Bf6 33. Nf3 Nxf3+ 34. gxf3 Qd7 35. Rh1 Qxh3+ 36. Kg1 Qxf3 37. Rxh6+ Kg7 38. Rh2 Bh3 39. Qxd6 Qg4+ 40. Kh1 Rh8 41. c8Q Rxc8 42. Ne2 Qxe2 43. Rxh3 Qf1+ 44. Kh2 Qxf2+ 45. Kh1 Qf1+ 46. Kh2 Qe2+ 47. Kh1 Qd1+ 48. Kg2 Qxd2+ 49. Kf3 Qd1+ 0-1

[Event "Wch U14"]
[Site "Florianopolis"]
[Date "2024.10.31"]
[Round "3"]
[White "Sprincean, Lukas George"]
[Black "Valdats, Reinis"]
[Result "1-0"]
[WhiteElo "1891"]
[BlackElo "2188"]
[PlyCount "139"]
[EventDate "2024.10.29"]
[EventType "swiss"]
[EventRounds "11"]
[EventCountry "BRA"]
[SourceTitle "CB45_2024"]
[Source "ChessBase"]
[SourceDate "2024.11.06"]
[SourceVersion "1"]
[SourceVersionDate "2024.11.06"]
[SourceQuality "1"]

1. e4 c5 2. Nf3 e6 3. d4 cxd4 4. Nxd4 Nc6 5. Nc3 Qc7 6. Be3 a6 7. g4 b5 8. Nxc6 Qxc6 9. Qd2 b4 10. Ne2 Qxe4 11. Rg1 Qc4 12. Nf4 Qc7 13. 0-0-0 Nf6 14. Nh5 Nxh5 15. gxh5 Bb7 16. Bb6 Qc6 17. Bg2 d5 18. Bd4 Rg8 19. f4 0-0-0 20. Bh3 f5 21. Rg3 Kb8 22. Rdg1 Qd7 23. Kb1 Rc8 24. Bf1 Rc6 25. Bd3 Qf7 26. Rg5 Ka8 27. Qe2 Bc8 28. Be5 Qa7 29. Qg2 Bc5 30. Rd1 Bd6 31. Rxf5 exf5 32. Qxd5 Qc5 33. Qxg8 Bxe5 34. fxe5 Qxe5 35. Bxa6 Qxh2 36. Rc1 Kb8 37. Bxc8 Rxc8 38. Qxg7 Qxh5 39. Qe5+ Rc7 40. Qb5+ Rb7 41. Qe5+ Ka8 42. Qa5+ Kb8 43. Re1 Qg6 44. Rd1 Rb6 45. Qe5+ Kb7 46. Qd5+ Rc6 47. Qd4 Qg4 48. Qd7+ Kb6 49. Qd8+ Ka6 50. a4 Qc4 51. Rd2 Qf1+ 52. Ka2 Qc4+ 53. b3 Qc5 54. Qa8+ Kb6 55. Qb8+ Ka6 56. Qh2 h6 57. Rf2 Qd5 58. Qf4 Qc5 59. Rd2 Kb6 60. Rh2 Ka6 61. Qd2 Ka5 62. Rf2 Kb6 63. Kb1 Rd6 64. Qe2 Qd5 65. Rf4 Ka5 66. Rd4 Qh1+ 67. Ka2 Rb6 68. Qc4 Rb7 69. Rd5+ Kb6 70. Qc5+ 1-0

[Event "Wch U14"]
[Site "Florianopolis"]
[Date "2024.10.30"]
[Round "2"]
[White "Valdats, Reinis"]
[Black "Bozorov, Javokhir"]
[Result "1-0"]
[WhiteElo "2188"]
[BlackElo "2012"]
[PlyCount "53"]
[EventDate "2024.10.29"]
[EventType "swiss"]
[EventRounds "11"]
[EventCountry "BRA"]
[SourceTitle "CB45_2024"]
[Source "ChessBase"]
[SourceDate "2024.11.06"]
[SourceVersion "1"]
[SourceVersionDate "2024.11.06"]
[SourceQuality "1"]

1. e4 c5 2. Nf3 d6 3. d4 cxd4 4. Nxd4 Nf6 5. Nc3 a6 6. Bd3 b5 7. 0-0 Bb7 8. a3 Nbd7 9. Qe2 Nc5 10. f4 e6 11. Kh1 Be7 12. Bd2 0-0 13. Rae1 d5 14. e5 Nfe4 15. f5 Bh4 16. Rd1 Bg5 17. Bxe4 dxe4 18. Bxg5 Qxg5 19. b4 Na4 20. Nxa4 bxa4 21. fxe6 Qxe5 22. Rf5 Qc7 23. Rdf1 f6 24. Rc5 Qd6 25. Nf5 Qb6 26. Ne7+ Kh8 27. Qh5 1-0

[Event "Barcelona Sants op 25th"]
[Site "Barcelona"]
[Date "2024.08.26"]
[Round "4"]
[White "Diaz Camallonga, Carles"]
[Black "Valdats, Reinis"]
[Result "1-0"]
[WhiteElo "2478"]
[BlackElo "2234"]
[PlyCount "115"]
[EventDate "2024.08.23"]
[EventType "swiss"]
[EventRounds "10"]
[EventCountry "ESP"]
[SourceTitle "CBM 221 Extra"]
[Source "ChessBase"]
[SourceDate "2024.09.30"]
[SourceVersion "1"]
[SourceVersionDate "2024.09.30"]
[SourceQuality "1"]

1. d4 Nf6 2. Nf3 g6 3. c4 Bg7 4. g3 0-0 5. Bg2 c5 6. Nc3 d5 7. dxc5 dxc4 8. Qxd8 Rxd8 9. Ne5 Nfd7 10. Nxc4 Nxc5 11. Be3 Nba6 12. Na5 Rb8 13. Rc1 Bf5 14. 0-0 Rdc8 15. Nd5 Kf8 16. Bg5 f6 17. Bf4 e5 18. Be3 b6 19. Nc4 Be4 20. Bxe4 Nxe4 21. f3 Nec5 22. Rfd1 Rd8 23. Na3 Rb7 24. Nb5 Rbd7 25. Ndc3 Ke7 26. Rxd7+ Rxd7 27. Rd1 Rxd1+ 28. Nxd1 Nb4 29. Nxa7 Nxa2 30. Nc8+ Ke6 31. Nxb6 Bf8 32. Kf1 Nb3 33. Bf2 Bb4 34. Be1 Be7 35. Nc4 f5 36. Nc3 Nb4 37. Na4 Nc2 38. Bc3 e4 39. fxe4 fxe4 40. Na5 Ne3+ 41. Ke1 Nc2+ 42. Kf2 Nc5 43. Nb6 Bg5 44. Nac4 Kf5 45. Nd5 Kg4 46. h4 Bd8 47. Bf6 Bxf6 48. Nxf6+ Kh3 49. Nxh7 e3+ 50. Nxe3 Nxe3 51. Ng5+ Kg4 52. Kxe3 Kxg3 53. Ne4+ Nxe4 54. Kxe4 Kxh4 55. b4 g5 56. b5 g4 57. b6 g3 58. Kf3 1-0

[Event "Barcelona Sants op 25th"]
[Site "Barcelona"]
[Date "2024.08.25"]
[Round "3"]
[White "Valdats, Reinis"]
[Black "Aloma Vidal, Roberto"]
[Result "1/2-1/2"]
[WhiteElo "2234"]
[BlackElo "2409"]
[PlyCount "78"]
[EventDate "2024.08.23"]
[EventType "swiss"]
[EventRounds "10"]
[EventCountry "ESP"]
[SourceTitle "CBM 221 Extra"]
[Source "ChessBase"]
[SourceDate "2024.09.30"]
[SourceVersion "1"]
[SourceVersionDate "2024.09.30"]
[SourceQuality "1"]

1. e4 c6 2. d4 d5 3. Nc3 dxe4 4. Nxe4 Nf6 5. Nxf6+ exf6 6. c3 a5 7. Bd3 Na6 8. Ne2 g6 9. Bf4 Nc7 10. Qd2 h5 11. 0-0-0 Be6 12. Kb1 Nd5 13. h3 b5 14. Rhe1 Bd6 15. Bxd6 Qxd6 16. Nc1 Kf8 17. Nb3 Kg7 18. Nc5 Rae8 19. Nxe6+ Rxe6 20. Rxe6 Qxe6 21. Re1 Qd6 22. h4 Rd8 23. Be4 Nb6 24. Bf3 c5 25. Rd1 c4 26. Ka1 b4 27. d5 Rb8 28. Rb1 Na4 29. Qc2 b3 30. axb3 Rxb3 31. Bd1 Qxd5 32. Qe2 Nc5 33. Bxb3 Nxb3+ 34. Ka2 Qc6 35. Rd1 Qa4+ 36. Kb1 Qa1+ 37. Kc2 Qa4 38. Kb1 Qa1+ 39. Kc2 Qa4 1/2-1/2

[Event "Pardubice Czech op-A 35th"]
[Site "Pardubice"]
[Date "2024.07.23"]
[Round "5"]
[White "Stalmach, Richard"]
[Black "Valdats, Reinis"]
[Result "1/2-1/2"]
[WhiteElo "2464"]
[BlackElo "2174"]
[PlyCount "209"]
[EventDate "2024.07.19"]
[EventType "swiss"]
[EventRounds "9"]
[EventCountry "CZE"]
[SourceTitle "CBM 221 Extra"]
[Source "ChessBase"]
[SourceDate "2024.09.30"]
[SourceVersion "1"]
[SourceVersionDate "2024.09.30"]
[SourceQuality "1"]

1. d4 Nf6 2. c4 g6 3. f3 d5 4. cxd5 Nxd5 5. e4 Nb6 6. Nc3 Bg7 7. Be3 0-0 8. Qd2 e5 9. d5 c6 10. h4 cxd5 11. exd5 N8d7 12. h5 Nf6 13. hxg6 fxg6 14. 0-0-0 Bd7 15. Kb1 Rc8 16. Nh3 e4 17. Nf2 exf3 18. gxf3 Bf5+ 19. Nce4 Qxd5 20. Qb4 Qf7 21. Bxb6 axb6 22. Bd3 Nxe4 23. Nxe4 Rc6 24. Rxh7 Bxe4 25. Rxg7+ Kxg7 26. Bxe4 Rf6 27. Qc3 Re8 28. a3 Qe7 29. Rd5 Rd8 30. Rg5 Kf7 31. Bd5+ Kg7 32. Be4 Kf7 33. Qc2 Qd6 34. Rg1 Kg7 35. Rh1 Rf7 36. Qf2 Rh8 37. Rg1 Rf6 38. Bxb7 Rh2 39. Qe3 Qc5 40. Qxc5 bxc5 41. Be4 Rb6 42. Bc2 Rf2 43. Rg3 Rf1+ 44. Ka2 Rf2 45. Kb1 c4 46. f4 Rxf4 47. a4 c3 48. Rxc3 Rfb4 49. a5 Rxb2+ 50. Kc1 Rb8 51. Rc7+ Kh6 52. Rc6 Ra2 53. Rxg6+ Kh5 54. Rc6 Rxa5 55. Kd2 Rd8+ 56. Ke3 Kg4 57. Rg6+ Rg5 58. Re6 Rdd5 59. Be4 Ra5 60. Rb6 Ra3+ 61. Bd3 Rd5 62. Rb4+ Kg5 63. Rd4 Rxd4 64. Kxd4 Kf4 65. Bc2 Ra8 66. Bb3 Rd8+ 67. Kc3 Ke3 68. Be6 Rd6 69. Bf7 Rc6+ 70. Kb2 Rc7 71. Bd5 Kd3 72. Be6 Rb7+ 73. Ka1 Kc2 74. Bf5+ Kc3 75. Be6 Rb6 76. Bd5 Rh6 77. Kb1 Rh2 78. Ka1 Kc2 79. Be4+ Kb3 80. Bd5+ Ka3 81. Be4 Re2 82. Bg6 Re6 83. Bf5 Ra6 84. Be4 Kb3+ 85. Kb1 Rf6 86. Bd5+ Kc3 87. Ka1 Rd6 88. Be4 Ra6+ 89. Kb1 Re6 90. Bf5 Re1+ 91. Ka2 Re2+ 92. Ka1 Kb3 93. Bg6 Ra2+ 94. Kb1 Rf2 95. Ka1 Rg2 96. Bb1 Rf2 97. Be4 Rf1+ 98. Bb1 Rf8 99. Ba2+ Ka3 100. Bb1 Ra8 101. Be4 Ra4 102. Bf5 Kb3+ 103. Kb1 Rf4 104. Be6+ Ka3 105. Kc2 1/2-1/2

[Event "Pardubice Czech op-A 35th"]
[Site "Pardubice"]
[Date "2024.07.21"]
[Round "3"]
[White "Svanda, Ondrej"]
[Black "Valdats, Reinis"]
[Result "1-0"]
[WhiteElo "2395"]
[BlackElo "2174"]
[PlyCount "51"]
[EventDate "2024.07.19"]
[EventType "swiss"]
[EventRounds "9"]
[EventCountry "CZE"]
[SourceTitle "CBM 221 Extra"]
[Source "ChessBase"]
[SourceDate "2024.09.30"]
[SourceVersion "1"]
[SourceVersionDate "2024.09.30"]
[SourceQuality "1"]

1. e4 c5 2. Nf3 e6 3. d4 cxd4 4. Nxd4 Nc6 5. Nc3 Qc7 6. Be3 a6 7. Qf3 Nf6 8. 0-0-0 d6 9. Nxc6 bxc6 10. Qg3 Rb8 11. Bc4 Qa5 12. Bb3 Be7 13. h4 0-0 14. h5 e5 15. h6 g6 16. Bg5 Qd8 17. Kb1 Ng4 18. Bc1 Nf6 19. f4 Nd7 20. Rhf1 Qc7 21. f5 Rxb3 22. axb3 Nc5 23. Bg5 a5 24. Rf2 Ba6 25. Rfd2 Rd8 26. Qh4 1-0

[Event "Berlin Radtke Memorial op"]
[Site "Berlin"]
[Date "2023.10.27"]
[Round "7"]
[White "Faerber, David"]
[Black "Valdats, Reinis"]
[Result "1-0"]
[WhiteElo "2375"]
[BlackElo "2067"]
[PlyCount "107"]
[EventDate "2023.10.23"]
[EventType "swiss"]
[EventRounds "9"]
[EventCountry "GER"]
[SourceTitle "CBM 216 Extra"]
[Source "ChessBase"]
[SourceDate "2023.11.30"]
[SourceVersion "1"]
[SourceVersionDate "2023.11.30"]
[SourceQuality "1"]

1. e4 c5 2. Nf3 d6 3. Bb5+ Nd7 4. c3 Ngf6 5. Bd3 g6 6. Bc2 Bg7 7. 0-0 0-0 8. d4 Qc7 9. Re1 b6 10. h3 Bb7 11. Bg5 Rac8 12. Bd3 Rfd8 13. Nbd2 e5 14. dxe5 dxe5 15. Qc2 Nf8 16. Bc4 h6 17. Bxf6 Bxf6 18. Nf1 Ne6 19. Ne3 Nf4 20. Rad1 Rxd1 21. Rxd1 Rd8 22. Rxd8+ Qxd8 23. Kh2 Qd7 24. Qd2 Qxd2 25. Nxd2 Bg5 26. h4 Bd8 27. g3 Ne6 28. Ng4 Kg7 29. Nxe5 g5 30. hxg5 Bxg5 31. Nef3 Kf6 32. Bxe6 Kxe6 33. Nxg5+ hxg5 34. f4 gxf4 35. gxf4 a5 36. Kg3 Ba6 37. Kf3 a4 38. f5+ Ke5 39. Ke3 b5 40. a3 Bc8 41. Nf3+ Kd6 42. Kf4 Bd7 43. Ne5 Be8 44. Ng4 Bc6 45. e5+ Ke7 46. Nf6 b4 47. cxb4 cxb4 48. axb4 Kd8 49. e6 fxe6 50. fxe6 Kc7 51. Ke5 Kb6 52. Kd6 Kb5 53. e7 Kb6 54. Nd7+ 1-0

[Event "Viljandi Raud Memorial 57th"]
[Site "Viljandi"]
[Date "2023.07.08"]
[Round "8"]
[White "Bondarenko, Dmitry"]
[Black "Valdats, Reinis"]
[Result "0-1"]
[WhiteElo "1923"]
[BlackElo "1860"]
[PlyCount "92"]
[EventDate "2023.07.02"]
[EventType "swiss"]
[EventRounds "9"]
[EventCountry "EST"]
[SourceTitle "CBM 215 Extra"]
[Source "ChessBase"]
[SourceDate "2023.09.30"]
[SourceVersion "1"]
[SourceVersionDate "2023.09.30"]
[SourceQuality "1"]

1. Nf3 c5 2. d4 cxd4 3. Nxd4 d6 4. Nc3 g6 5. h4 Nf6 6. Bg5 Bg7 7. Qd2 h5 8. 0-0-0 Nc6 9. e3 Bd7 10. Bb5 a6 11. Bxc6 bxc6 12. e4 Rb8 13. Nb3 Be6 14. Qe2 Qc7 15. Bf4 0-0 16. f3 a5 17. Nc5 Bc8 18. N5a4 Nd7 19. g4 Nb6 20. gxh5 Nxa4 21. Nxa4 Rb4 22. b3 Rxa4 23. bxa4 Qb6 24. e5 Bf5 25. Qe3 Qb4 26. Rd4 Qc5 27. Rd3 Qc4 28. Rc3 Qxa2 29. Kd2 dxe5 30. Bxe5 Qd5+ 31. Ke2 Qxe5 32. Qxe5 Bxe5 33. Rxc6 Bd6 34. hxg6 fxg6 35. h5 Rb8 36. hxg6 Bxg6 37. Rg1 Kf7 38. Rc4 Rb2 39. Rc1 Ra2 40. Ke3 Ba3 41. Rg1 Rxc2 42. Rxc2 Bxc2 43. Kd4 Bxa4 44. Kc4 Bc6 45. Ra1 Bb4 46. Rf1 Bd6 0-1

[Event "Viljandi Raud Memorial 57th"]
[Site "Viljandi"]
[Date "2023.07.04"]
[Round "4"]
[White "Sinitsina, Anastassia"]
[Black "Valdats, Reinis"]
[Result "1/2-1/2"]
[WhiteElo "2207"]
[BlackElo "1860"]
[PlyCount "139"]
[EventDate "2023.07.02"]
[EventType "swiss"]
[EventRounds "9"]
[EventCountry "EST"]
[SourceTitle "CBM 215 Extra"]
[Source "ChessBase"]
[SourceDate "2023.09.30"]
[SourceVersion "1"]
[SourceVersionDate "2023.09.30"]
[SourceQuality "1"]

1. Nf3 c5 2. g3 g6 3. Bg2 Bg7 4. 0-0 d6 5. d4 cxd4 6. Nxd4 Nf6 7. c4 0-0 8. Nc3 a6 9. b3 Qc7 10. Bb2 Nc6 11. Rc1 Nxd4 12. Qxd4 Be6 13. Rfd1 Rab8 14. Qd2 Rfc8 15. e4 Nd7 16. Ne2 Ne5 17. h3 Nd3 18. Qxd3 Bxb2 19. Rc2 Be5 20. Nd4 Bd7 21. Nf3 Bg7 22. Qe3 b5 23. Rdc1 b4 24. Re2 Qc5 25. Rd1 Qxe3 26. Rxe3 Bc6 27. Nd4 Ba8 28. f4 Rc5 29. Ne2 Ra5 30. Nc1 Rc8 31. Re2 Bc3 32. Nd3 Rd8 33. Kf1 Kg7 34. Rc1 Kf6 35. Nf2 Kg7 36. Nd1 Bd4 37. Rd2 Bb6 38. Rcc2 f5 39. exf5 Bxg2+ 40. Kxg2 gxf5 41. Rd5 Kf6 42. g4 e6 43. Rxa5 Bxa5 44. Ne3 Bb6 45. Kf3 Rg8 46. Rg2 a5 47. h4 a4 48. h5 axb3 49. axb3 Ra8 50. gxf5 Bxe3 51. Kxe3 exf5 52. Kd4 Re8 53. Rg3 Re4+ 54. Kd5 Rxf4 55. Kxd6 Rf1 56. Rd3 Rc1 57. Kc5 Rc3 58. Kd4 Rc1 59. Kc5 Rc3 60. Rd6+ Ke7 61. Rd5 Rxb3 62. Rxf5 Rb1 63. Kb5 b3 64. c5 Rc1 65. Rf2 Rc2 66. Rf3 b2 67. Rb3 Kd7 68. Kb6 h6 69. Rd3+ Ke6 70. Rb3 1/2-1/2

[Event "Viljandi Raud Memorial 57th"]
[Site "Viljandi"]
[Date "2023.07.03"]
[Round "2"]
[White "Valdats, Reinis"]
[Black "Tobre, Andres"]
[Result "1-0"]
[WhiteElo "1860"]
[BlackElo "1474"]
[PlyCount "71"]
[EventDate "2023.07.02"]
[EventType "swiss"]
[EventRounds "9"]
[EventCountry "EST"]
[SourceTitle "CBM 215 Extra"]
[Source "ChessBase"]
[SourceDate "2023.09.30"]
[SourceVersion "1"]
[SourceVersionDate "2023.09.30"]
[SourceQuality "1"]

1. e4 e5 2. Nf3 Nc6 3. Bb5 a6 4. Ba4 d6 5. c3 Bd7 6. 0-0 Nf6 7. d3 b5 8. Bb3 Na5 9. Bc2 c5 10. Nbd2 g6 11. d4 Nc6 12. dxe5 dxe5 13. a4 Bg7 14. axb5 axb5 15. Rxa8 Qxa8 16. Nb3 0-0 17. Nxc5 Bg4 18. h3 Bh5 19. g4 Nxg4 20. hxg4 Bxg4 21. Qd3 Rd8 22. Qe3 Bh6 23. Qxh6 Bxf3 24. Bg5 Qc8 25. Kh2 Rd6 26. Rg1 f6 27. Be3 Ne7 28. Bb3+ Kh8 29. Qh3 Qxh3+ 30. Kxh3 f5 31. Bg5 Ng8 32. Ra1 Nf6 33. Ra8+ Kg7 34. Ne6+ Rxe6 35. Bxe6 Bg4+ 36. Kg2 1-0

[Event "Wch FIDE Online U10 Europe qual"]
[Site "Tornelo INT"]
[Date "2020.12.09"]
[Round "6"]
[White "Delgerdalai, Bayarjavkhlan"]
[Black "Valdats, Reinis"]
[Result "0-1"]
[WhiteElo "1486"]
[BlackElo "1511"]
[PlyCount "186"]
[EventDate "2020.12.07"]
[EventType "swiss (rapid)"]
[EventRounds "7"]
[EventCountry "ISS"]
[SourceTitle "EXT 2022"]
[Source "ChessBase"]
[SourceDate "2021.10.06"]
[SourceVersion "1"]
[SourceVersionDate "2021.10.06"]
[SourceQuality "1"]

1. e4 c5 2. Nf3 e6 3. d4 cxd4 4. Nxd4 Nf6 5. Nc3 Nc6 6. a3 Be7 7. Be3 0-0 8. Be2 d5 9. exd5 exd5 10. 0-0 Be6 11. Qd2 Nxd4 12. Bxd4 Ne4 13. Qd3 Bf5 14. Nxe4 dxe4 15. Qd1 Bf6 16. Bxf6 Qxf6 17. c3 Rfd8 18. Qc1 Qg6 19. Qe3 Bg4 20. Bxg4 Qxg4 21. Rfe1 f5 22. h3 Qh5 23. Kh2 Rd3 24. Qf4 Rad8 25. a4 Rd2 26. b4 R2d3 27. Rac1 h6 28. b5 Qf7 29. Re3 g5 30. Rxd3 exd3 31. Qd2 Qc4 32. Ra1 Re8 33. Rd1 Rd8 34. Ra1 Qe4 35. Kg1 Qe2 36. Rd1 Qe4 37. a5 Kg7 38. b6 axb6 39. axb6 Qe2 40. c4 Qxd2 41. Rxd2 Kf6 42. f3 Ke5 43. c5 Kd4 44. Kf2 Kxc5 45. g4 f4 46. Ke1 Kxb6 47. Rb2+ Kc6 48. Kd2 b5 49. Rb4 Kc5 50. Re4 Rd6 51. Re5+ Kb6 52. Re8 Ka5 53. Ra8+ Kb4 54. Ra1 Rc6 55. Rb1+ Kc4 56. Rc1+ Kd5 57. Rb1 Kc4 58. Rc1+ Kd5 59. Rb1 Kc5 60. Kxd3 Rd6+ 61. Ke4 b4 62. Rc1+ Kb5 63. Rc8 b3 64. Rb8+ Kc4 65. Rc8+ Kb4 66. Rb8+ Kc3 67. Rc8+ Kb2 68. Kf5 Kb1 69. Rb8 b2 70. Rb5 Rd3 71. Kg6 Kc2 72. Kxh6 b1Q 73. Rxb1 Kxb1 74. Kxg5 Rxf3 75. h4 Kc2 76. h5 Kd3 77. h6 Ke3 78. h7 Rh3 79. Kg6 f3 80. g5 f2 81. Kg7 f1Q 82. g6 Qa1+ 83. Kg8 Qa8+ 84. Kg7 Qb7+ 85. Kg8 Qc8+ 86. Kg7 Qd7+ 87. Kg8 Qe8+ 88. Kg7 Kf4 89. Kf6 Rh6 90. h8N Qxh8+ 91. Ke7 Rxg6 92. Kf7 Qh7+ 93. Kf8 Rg8# 0-1

[Event "Wch FIDE Online U10 Europe qual"]
[Site "Tornelo INT"]
[Date "2020.12.08"]
[Round "4"]
[White "Samorukov, Boris"]
[Black "Valdats, Reinis"]
[Result "0-1"]
[WhiteElo "1185"]
[BlackElo "1511"]
[PlyCount "30"]
[EventDate "2020.12.07"]
[EventType "swiss (rapid)"]
[EventRounds "7"]
[EventCountry "ISS"]
[SourceTitle "EXT 2022"]
[Source "ChessBase"]
[SourceDate "2021.10.06"]
[SourceVersion "1"]
[SourceVersionDate "2021.10.06"]
[SourceQuality "1"]

1. e4 c5 2. Nf3 e6 3. d4 cxd4 4. Nxd4 Nf6 5. Nc3 d6 6. Bc4 Be7 7. Bg5 0-0 8. Bxf6 Bxf6 9. f4 a6 10. e5 dxe5 11. fxe5 Bxe5 12. 0-0 Qxd4+ 13. Kh1 Qxc4 14. Re1 Bxc3 15. bxc3 Nc6 0-1

[Event "Wch FIDE Online U10 Europe qual"]
[Site "Tornelo INT"]
[Date "2020.12.08"]
[Round "5"]
[White "Valdats, Reinis"]
[Black "Roubal, Matyas"]
[Result "1-0"]
[WhiteElo "1511"]
[BlackElo "1263"]
[PlyCount "133"]
[EventDate "2020.12.07"]
[EventType "swiss (rapid)"]
[EventRounds "7"]
[EventCountry "ISS"]
[SourceTitle "EXT 2022"]
[Source "ChessBase"]
[SourceDate "2021.10.06"]
[SourceVersion "1"]
[SourceVersionDate "2021.10.06"]
[SourceQuality "1"]

1. e4 c5 2. Nf3 Nc6 3. d4 cxd4 4. Nxd4 g6 5. Nc3 Bg7 6. Be3 Nf6 7. f3 0-0 8. Qd2 d5 9. Nxc6 bxc6 10. e5 Nd7 11. f4 e6 12. 0-0-0 f6 13. exf6 Nxf6 14. Bc5 Re8 15. h3 Qa5 16. Bd6 Ne4 17. Nxe4 Qxa2 18. Qb4 dxe4 19. Bc4 Qa1+ 20. Kd2 Qxb2 21. Qxb2 Bxb2 22. Ke3 Bg7 23. Kxe4 Bf8 24. g4 Bxd6 25. Rxd6 Kf7 26. Ke5 Rb8 27. f5 Rb4 28. fxe6+ Kg7 29. Rxc6 Kh8 30. Ra1 Rb6 31. Rxb6 axb6 32. Kf6 b5 33. Kf7 Rg8 34. Bxb5 Rg7+ 35. Kf6 g5 36. Ra8 Rg6+ 37. Ke5 Rxe6+ 38. Kd5 Re3 39. Rxc8+ Kg7 40. Rc7+ Kh8 41. Bd3 Rxh3 42. Rxh7+ Rxh7 43. Bxh7 Kxh7 44. c4 Kg7 45. c5 Kf7 46. Kd6 Ke8 47. c6 Kd8 48. Ke5 Kc7 49. Kf5 Kxc6 50. Kxg5 Kd6 51. Kf6 Kd7 52. Kf7 Kd6 53. g5 Ke5 54. g6 Kf5 55. g7 Kg5 56. g8Q+ Kf5 57. Qg3 Ke4 58. Qg5 Kf3 59. Ke6 Ke4 60. Qg4+ Ke3 61. Kd5 Kd3 62. Qf3+ Kd2 63. Kc4 Ke1 64. Qg2 Kd1 65. Kc3 Ke1 66. Kd3 Kd1 67. Qg1# 1-0

[Event "Wch FIDE Online U10 Europe qual"]
[Site "Tornelo INT"]
[Date "2020.12.07"]
[Round "2"]
[White "De Groof, Mathijs"]
[Black "Valdats, Reinis"]
[Result "0-1"]
[WhiteElo "1113"]
[BlackElo "1511"]
[PlyCount "102"]
[EventDate "2020.12.07"]
[EventType "swiss (rapid)"]
[EventRounds "7"]
[EventCountry "ISS"]
[SourceTitle "EXT 2022"]
[Source "ChessBase"]
[SourceDate "2021.10.06"]
[SourceVersion "1"]
[SourceVersionDate "2021.10.06"]
[SourceQuality "1"]

1. e4 c5 2. c3 e6 3. d4 cxd4 4. cxd4 Nf6 5. e5 Nd5 6. Nf3 d6 7. Bc4 dxe5 8. dxe5 Bb4+ 9. Bd2 Bxd2+ 10. Qxd2 0-0 11. Bxd5 exd5 12. 0-0 Bg4 13. Qf4 Bxf3 14. Qxf3 Nc6 15. Nc3 d4 16. Ne4 Nxe5 17. Qg3 Re8 18. Rad1 Nc4 19. Qb3 Na5 20. Qf3 Nc6 21. h4 Ne5 22. Qh5 Ng6 23. Ng5 h6 24. Nf3 Re4 25. g3 Qf6 26. Nd2 Re5 27. Qg4 Rb5 28. b3 h5 29. Qe2 Re5 30. Qc4 Re6 31. Rde1 Rc6 32. Qd5 Nxh4 33. Qxh5 Nf5 34. Ne4 Qg6 35. g4 Qxh5 36. gxh5 Rd8 37. Rd1 Rh6 38. Ng3 Nxg3 39. fxg3 Rxh5 40. Kg2 Ra5 41. a4 b5 42. axb5 Rxb5 43. Ra1 Rxb3 44. Rxa7 f6 45. Ra2 d3 46. Rd2 Rc8 47. Kg1 Rc2 48. Rxc2 dxc2 49. Rc1 Rb1 50. Rf1 Rxf1+ 51. Kxf1 c1Q+ 0-1